| 000 | 00718cam a2200217 a 4500 | ||
|---|---|---|---|
| 001 | 598526 | ||
| 005 | 20240206052332.0 | ||
| 008 | 910716s1992 nyua 000 0 eng | ||
| 020 | _a0521415810 (hardback) | ||
| 040 |
_aDLC _cDLC _dDLC |
||
| 082 | 0 | 0 |
_a306.2 _220 _bCOM. |
| 100 | 1 | _aWilson, Richard W., | |
| 245 | 1 | 0 |
_aCompliance ideologies : _brethinking political culture / _cRichard W. Wilson. |
| 260 |
_aCambridge : _aNew York : _bCambridge University Press, _c1992. |
||
| 300 | _ax, 223 p. : | ||
| 650 | 0 | _aPolitical culture. | |
| 650 | 0 | _aPolitical development. | |
| 856 | 4 | 2 | _uhttp://www.loc.gov/catdir/description/cam024/91027178.html |
| 856 | 4 | 1 | _uhttp://www.loc.gov/catdir/toc/cam029/91027178.html |
| 942 | _cL | ||
| 999 |
_c311 _d311 |
||